Nueva ley de filiación
Zapisane w:
| 1. autor: | |
|---|---|
| Format: | Książka |
| Język: | hiszpański |
| Wydane: |
Santiago
Jurídica Conosur
1999
|
| Hasła przedmiotowe: | |
| Etykiety: |
Dodaj etykietę
Nie ma etykietki, Dołącz pierwszą etykiete!
|
MARC
| LEADER | 00000nam a2200000 a 4500 | ||
|---|---|---|---|
| 001 | UCP6759 | ||
| 003 | CL-VaPUC | ||
| 008 | 991112e19990000CL |||||||||||||||||spa|d | ||
| 082 | 0 | 4 | |a 346.015 |b COU |2 21 |
| 100 | 0 | |a Court Murasso, Eduardo |e author |9 436024 | |
| 245 | 1 | 0 | |a Nueva ley de filiación |
| 300 | |a 312 p | ||
| 942 | |c BK | ||
| 945 | |d 19991112 00:00:00 |a vberengu | ||
| 260 | |a Santiago |b Jurídica Conosur |c 1999 | ||
| 500 | |a Incluye: Ley N§ 19.585, Filiación y Derechos Sucesorios | ||
| 500 | |a Ley N§ 19.620, de Adopción | ||
| 650 | 0 | |a Adopción |9 255783 | |
| 650 | 7 | |a DERECHOS HEREDITARIOS DE LOS HIJOS |2 CL-VaPUC |9 385164 | |
| 650 | 0 | |a Derecho y legislación |9 255077 | |
| 650 | 0 | |a Filiación |9 256647 | |
| 650 | 7 | |a MATRIMONIO |2 CL-VaPUC |9 436025 | |
| 650 | 0 | |a Patria potestad |9 369365 | |
| 583 | |a last modification |c 19991112 00:00:00 |k Rodrigo Vera | ||
| 999 | |c 284202 |d 284200 | ||
| 952 | |0 0 |1 0 |4 0 |6 346_015000000000000_COU_1999 |7 0 |8 A |9 327983 |a BIBDER |b BIBDER |d 2019-11-20 |i 3576965 |l 4 |o 346.015 COU 1999 |p 3576965 |r 2024-07-19 |s 2024-07-19 |w 2019-11-20 |y BK |k DER | ||